Normal view MARC view

Entry Topical Term

Number of records used in: 1

001 - CONTROL NUMBER

  • control field: 25198

003 - CONTROL NUMBER IDENTIFIER

  • control field: OSt

005 - DATE AND TIME OF LATEST TRANSACTION

  • control field: 20210714162013.0

008 - FIXED-LENGTH DATA ELEMENTS

  • fixed length control field: 210714|| aca||aabn | a|a d

040 ## - CATALOGING SOURCE

  • Original cataloging agency: OSt
  • Transcribing agency: OSt

150 ## - HEADING--TOPICAL TERM

  • Topical term or geographic name entry element: Regional disparity, Cultural identity, Economic exploitation, Coastal conspiracy

670 ## - SOURCE DATA FOUND

  • Source citation: Work cat.: (OSt): Ratha, Keshab Chandra. 25197, Deciphering regional disparity in western Odisha: Looking through the prism of history

Powered by Koha